| 000 | 01510cam a2200325 i 4500 | ||
|---|---|---|---|
| 003 | SA-RiAUC | ||
| 005 | 20241208135018.0 | ||
| 008 | 241206s2004 le f 000 0 ara c | ||
| 020 | _a2745138464 | ||
| 020 | _a9782745138460 | ||
| 024 | 0 | _a33000000002146 | |
| 024 | 0 | _a77000000008185 | |
| 040 |
_aIQ-KaPLI _bara _cSA-RiAUC. _erda |
||
| 082 | 0 | 4 |
_a216 _qSA-RiAUC |
| 090 |
_a216 _bم ر ا |
||
| 100 | 1 |
_aمراد، يحيى حسن علي _eمؤلف. |
|
| 245 | 1 | 0 |
_aافتراءات المستشرقين على الإسلام والرد عليها : _bدراسة وافية حول الاستشراق ونشأته ودوافعه وعلاقته بالاستعمار والتبشير والصهيونية مع عرض لفلسفة الاستشراق ولبعض البحوث المختارة في الاستشراق والمستشرقين / _cالدكتور يحيى مراد. |
| 250 | _aالطبعة الأولى. | ||
| 264 | 1 |
_aبيروت : _bدار الكتب العلمية، _c2004 |
|
| 300 |
_aصفحة ؛ _c24 سم |
||
| 336 |
_aنص _btxt _2rdacontent _3كتاب |
||
| 337 |
_aبدون وسيط _bn _2rdamedia |
||
| 338 |
_aمجلد _bnc _2rdacarrier |
||
| 650 | 7 |
_aالإسلام _xدفع مطاعن _2aucsh |
|
| 650 | 7 |
_aالإسلام والاستشراق والمستشرقون _2aucsh |
|
| 650 | 7 |
_aالإسلام والإرساليات التبشيرية _2aucsh |
|
| 650 | 7 |
_aالإسلام والصهيونية _2aucsh |
|
| 942 |
_2ddc _cBOOK _n0 |
||
| 949 |
_aSA-JeALM _d241206 _umohamedma123 _n1 |
||
| 999 |
_c3117 _d3117 |
||